[Event "Ufa Gumerov Memorial op"]
[Site "Ufa"]
[Date "2012.08.07"]
[Round "7"]
[White "Kopeikin, Yuri"]
[Black "Mukhuametdinov, llyas"]
[Result "0-1"]
[WhiteElo "2054"]
[BlackElo "1924"]
[PlyCount "72"]
[EventDate "2012.08.01"]
[EventType "swiss"]
[EventRounds "9"]
[EventCountry "RUS"]
[SourceTitle "EXT 2013"]
[Source "ChessBase"]
[SourceDate "2012.11.22"]
[SourceVersion "1"]
[SourceVersionDate "2012.11.22"]
[SourceQuality "1"]

1. d4 Nf6 2. c4 e6 3. Nf3 d5 4. Nc3 Bb4 5. Bg5 h6 6. Bh4 dxc4 7. e3 b5 8. Be2 Bb7 9. 0-0 a6 10. a4 c6 11. Ne5 Nbd7 12. Qc2 Be7 13. Rfd1 Qc7 14. f4 Nxe5 15. fxe5 Nd5 16. Bxe7 Qxe7 17. Qd2 Nxc3 18. Qxc3 0-0 19. b3 c5 20. bxc4 b4 21. Qe1 Qg5 22. Qg3 Qxg3 23. hxg3 a5 24. Bf3 Rab8 25. Rac1 Ba6 26. dxc5 b3 27. Rd2 Rb4 28. c6 Rxa4 29. c7 Rb4 30. Be4 a4 31. Rd8 b2 32. Rcd1 Rxc4 33. Bd3 Rxc7 34. Bxa6 Rc1 35. Bb5 b1Q 36. Bxa4 Rxd8 0-1

[Event "Ufa Gumerov Memorial op"]
[Site "Ufa"]
[Date "2012.08.06"]
[Round "6"]
[White "Abelguzin, Dinar"]
[Black "Kopeikin, Yuri"]
[Result "1-0"]
[WhiteElo "1993"]
[BlackElo "2054"]
[PlyCount "49"]
[EventDate "2012.08.01"]
[EventType "swiss"]
[EventRounds "9"]
[EventCountry "RUS"]
[SourceTitle "EXT 2013"]
[Source "ChessBase"]
[SourceDate "2012.11.22"]
[SourceVersion "1"]
[SourceVersionDate "2012.11.22"]
[SourceQuality "1"]

1. e4 e5 2. Nf3 Nc6 3. Bb5 a6 4. Ba4 d6 5. 0-0 f5 6. exf5 Bxf5 7. d4 e4 8. d5 b5 9. dxc6 bxa4 10. Nd4 Qf6 11. Nc3 Ne7 12. Nxa4 d5 13. Nc3 Rd8 14. f3 Nxc6 15. Nxf5 Qxf5 16. fxe4 Bc5+ 17. Kh1 Qg6 18. exd5 Ne7 19. Qe2 Bd4 20. Bf4 Rd7 21. Be5 Bxe5 22. Qxe5 Rf8 23. h3 Rf6 24. Rae1 Kf7 25. Qe6+ 1-0

[Event "Ufa Gumerov Memorial op"]
[Site "Ufa"]
[Date "2012.08.03"]
[Round "3"]
[White "Kopeikin, Yuri"]
[Black "Zijatdinov, Ramil"]
[Result "1-0"]
[WhiteElo "2054"]
[BlackElo "1859"]
[PlyCount "141"]
[EventDate "2012.08.01"]
[EventType "swiss"]
[EventRounds "9"]
[EventCountry "RUS"]
[SourceTitle "EXT 2013"]
[Source "ChessBase"]
[SourceDate "2012.11.22"]
[SourceVersion "1"]
[SourceVersionDate "2012.11.22"]
[SourceQuality "1"]

1. d4 d5 2. c4 c6 3. Nc3 Nf6 4. Nf3 e6 5. Bg5 Nbd7 6. cxd5 exd5 7. e3 Be7 8. Bd3 0-0 9. Qc2 Re8 10. Ne5 Nf8 11. 0-0-0 Ng4 12. Bxe7 Qxe7 13. Nf3 Nf6 14. Ng5 h6 15. Nf3 Ne4 16. h3 Bf5 17. Bxe4 Bxe4 18. Nxe4 dxe4 19. Ne5 Nd7 20. Nxd7 Qxd7 21. Qc5 b6 22. Qh5 Rac8 23. Kb1 c5 24. dxc5 Qb5 25. Rd5 Rcd8 26. Rc1 Rxd5 27. Qxd5 bxc5 28. Qxc5 Qd3+ 29. Qc2 Qb5 30. Qc4 Qd7 31. a3 Qf5 32. Rc2 Rd8 33. Ka2 Qe5 34. g3 Qf5 35. h4 Qe5 36. a4 Qf5 37. Qc7 Rd7 38. Qc8+ Kh7 39. b3 Qe6 40. Ka3 Qd5 41. Qc5 Qe6 42. Rc4 f5 43. Rd4 Rxd4 44. exd4 e3 45. fxe3 Qxe3 46. Qxf5+ Kh8 47. Qc8+ Kh7 48. Qc4 Qxg3 49. d5 Qd6+ 50. b4 Qg3+ 51. Kb2 Kh8 52. Qc8+ Kh7 53. Qf5+ Kh8 54. h5 Qg2+ 55. Kc3 Qg3+ 56. Kc4 Qc7+ 57. Kd4 Qb6+ 58. Ke5 Qe3+ 59. Kd6 Qb6+ 60. Kd7 Qb7+ 61. Ke8 Qb8+ 62. Ke7 Qc7+ 63. Qd7 Qe5+ 64. Kd8 Qf6+ 65. Kc8 Qa6+ 66. Kb8 Qb6+ 67. Ka8 Qxb4 68. d6 Qa5 69. Qc8+ Kh7 70. d7 Qd5+ 71. Qb7 1-0

[Event "Sterlitamak Rochinskiy op"]
[Site "Sterlitamak"]
[Date "2012.06.25"]
[Round "4"]
[White "Kopeikin, Yuri"]
[Black "Vlasov, Andrey"]
[Result "1-0"]
[WhiteElo "2088"]
[BlackElo "2280"]
[PlyCount "101"]
[EventDate "2012.06.22"]
[EventType "swiss"]
[EventRounds "9"]
[EventCountry "RUS"]
[SourceTitle "EXT 2013"]
[Source "ChessBase"]
[SourceDate "2012.11.22"]
[SourceVersion "1"]
[SourceVersionDate "2012.11.22"]
[SourceQuality "1"]

1. d4 Nf6 2. c4 e6 3. Nf3 Bb4+ 4. Bd2 Qe7 5. Nc3 0-0 6. Qc2 d5 7. e3 a6 8. a3 Bd6 9. c5 Bxc5 10. dxc5 Qxc5 11. Rc1 Qe7 12. Na4 Nc6 13. Nc5 e5 14. Be2 Bg4 15. Nxb7 Bd7 16. Nc5 Be8 17. Nxa6 d4 18. Nb4 Na5 19. Qxc7 Qxc7 20. Rxc7 d3 21. Nxd3 e4 22. Nc1 exf3 23. Bxf3 Ba4 24. Bxa8 Rxa8 25. 0-0 Nc6 26. Ne2 Nd5 27. Rd7 Nce7 28. Rd6 Bb5 29. Re1 Bc4 30. e4 Nf6 31. Nd4 h6 32. f3 Rb8 33. Bb4 Ng6 34. Rc1 Be6 35. g3 Bh3 36. Nc6 Rb7 37. Kf2 h5 38. Ke3 Kh7 39. Rc5 h4 40. a4 Bd7 41. Ba3 Ne8 42. Rd4 Rb3+ 43. Ke2 Nf6 44. a5 Bc8 45. Nb4 Bb7 46. a6 Rxb4 47. Bxb4 Bxa6+ 48. Ke3 h3 49. Ra5 Bc8 50. Bd6 Be6 51. b4 1-0

[Event "Sterlitamak op"]
[Site "Sterlitamak"]
[Date "2011.07.05"]
[Round "9"]
[White "Garifullin, Ildar"]
[Black "Kopeikin, Yuri"]
[Result "1-0"]
[WhiteElo "1925"]
[BlackElo "2112"]
[PlyCount "115"]
[EventDate "2011.06.27"]
[EventType "swiss"]
[EventRounds "9"]
[EventCountry "RUS"]
[SourceTitle "EXT 2012"]
[Source "ChessBase"]
[SourceDate "2011.11.24"]
[SourceVersion "1"]
[SourceVersionDate "2011.11.24"]
[SourceQuality "1"]

1. e4 c5 2. Nc3 e6 3. g3 d5 4. exd5 exd5 5. d3 Nc6 6. Bg2 Nf6 7. Bg5 Be7 8. Nge2 d4 9. Bxf6 Bxf6 10. Ne4 Be7 11. Nf4 0-0 12. 0-0 Re8 13. Re1 Bf5 14. Nd5 Rc8 15. Nxe7+ Qxe7 16. Qh5 g6 17. Qh6 f6 18. Kf1 Ne5 19. h3 Nf7 20. Qf4 Kg7 21. g4 Be6 22. h4 h6 23. Re2 g5 24. hxg5 hxg5 25. Qg3 Qd7 26. Qf3 Qe7 27. Ng3 Ne5 28. Nf5+ Bxf5 29. Qxf5 Qf7 30. Be4 Rh8 31. f4 Ng6 32. Bd5 Qc7 33. fxg5 Qf4+ 34. Rf2 Qxg5 35. Qxg5 fxg5 36. Rf7+ Kh6 37. Kg1 Rhf8 38. Rxb7 Rf4 39. Be6 Re8 40. Bf5 Re2 41. Rf1 Ne7 42. Rxf4 gxf4 43. Be4 Nc8 44. Rc7 Nb6 45. Rxc5 Na4 46. Rf5 Rxc2 47. g5+ Kg7 48. g6 Rxb2 49. Rf7+ Kg8 50. Bd5 Nb6 51. Rb7+ Nxd5 52. Rxb2 Kg7 53. Rb7+ Kxg6 54. Rxa7 Nc3 55. Kf2 Kf5 56. a4 Ke5 57. a5 Nb5 58. Rh7 1-0

[Event "Anapa op-B"]
[Site "Anapa"]
[Date "2010.09.10"]
[Round "9"]
[White "Kopeikin, Yuri"]
[Black "Kajumov, Karim"]
[Result "1/2-1/2"]
[WhiteElo "2107"]
[BlackElo "1827"]
[PlyCount "60"]
[EventDate "2010.08.31"]
[EventType "swiss"]
[EventRounds "9"]
[EventCountry "RUS"]
[SourceTitle "EXT 2013"]
[Source "ChessBase"]
[SourceDate "2012.11.22"]
[SourceVersion "1"]
[SourceVersionDate "2012.11.22"]
[SourceQuality "1"]

1. d4 Nf6 2. c4 g6 3. Nc3 Bg7 4. e4 d6 5. f3 0-0 6. Be3 Nc6 7. Nge2 a6 8. Qd2 Rb8 9. d5 Na5 10. Nd4 c5 11. Nc2 Bd7 12. Na3 e5 13. Bd3 Qc7 14. b3 Nh5 15. g3 f5 16. 0-0 f4 17. Bf2 Bh3 18. g4 Bxf1 19. Bxf1 Nf6 20. g5 Nh5 21. Bh3 b6 22. Kf1 Rb7 23. Ke2 Rfb8 24. Qd3 h6 25. Rg1 Kh7 26. Kd2 Qe7 27. gxh6 Bxh6 28. Qf1 Nf6 29. Be6 Ne8 30. Qh3 Ng7 1/2-1/2

[Event "Ufa Dautov Memorial op"]
[Site "Ufa"]
[Date "2010.04.05"]
[Round "3"]
[White "Okishev, Grigoriy"]
[Black "Kopeikin, Yuri"]
[Result "1-0"]
[WhiteElo "1738"]
[BlackElo "2090"]
[PlyCount "99"]
[EventDate "2010.04.03"]
[EventType "swiss"]
[EventRounds "9"]
[EventCountry "RUS"]
[SourceTitle "CBM 135 Extra"]
[Source "ChessBase"]
[SourceDate "2010.05.04"]
[SourceVersion "1"]
[SourceVersionDate "2010.05.04"]
[SourceQuality "1"]

1. e4 c5 2. Nf3 d6 3. d4 cxd4 4. Nxd4 Nf6 5. Nc3 g6 6. Be2 Bg7 7. 0-0 0-0 8. Be3 Nc6 9. Nb3 Be6 10. f4 Qd7 11. Qd2 Ng4 12. Bxg4 Bxg4 13. f5 gxf5 14. h3 f4 15. Bxf4 Bh5 16. Bh6 Ne5 17. Bxg7 Kxg7 18. Rf5 Qe6 19. Rxh5 Rg8 20. Nd4 Kh8 21. Nxe6 Nf3+ 22. Kf2 Nxd2 23. Nc7 Rac8 24. N7d5 Rge8 25. b3 Kg7 26. Ke2 e6 27. Kxd2 exd5 28. Rxd5 Rc6 29. Re1 a6 30. Re3 f6 31. Red3 Re6 32. Ke3 Rb6 33. Ne2 Rb4 34. c4 b5 35. cxb5 Rbxe4+ 36. Kf3 Rxe2 37. b6 Re8 38. Rxd6 Kg6 39. Rd8 R2e3+ 40. Rxe3 Rxd8 41. Re7 Rd6 42. b7 Rb6 43. Ke4 Rb5 44. Kd4 h5 45. Kc4 Kf5 46. a4 Rb6 47. b4 Kf4 48. Kc5 Rxb7 49. Rxb7 Kg3 50. Rg7+ 1-0

[Event "Ufa Dautov Memorial op"]
[Site "Ufa"]
[Date "2010.04.03"]
[Round "1"]
[White "Gusev, Fedor"]
[Black "Kopeikin, Yuri"]
[Result "0-1"]
[WhiteElo "1593"]
[BlackElo "2090"]
[PlyCount "106"]
[EventDate "2010.04.03"]
[EventType "swiss"]
[EventRounds "9"]
[EventCountry "RUS"]
[SourceTitle "CBM 135 Extra"]
[Source "ChessBase"]
[SourceDate "2010.05.04"]
[SourceVersion "1"]
[SourceVersionDate "2010.05.04"]
[SourceQuality "1"]

1. d4 Nf6 2. c4 g6 3. Nc3 Bg7 4. e4 0-0 5. Nf3 d6 6. Bd3 Nbd7 7. 0-0 e5 8. d5 a5 9. Bg5 h6 10. Be3 Ng4 11. Qc1 f5 12. h3 Nxe3 13. fxe3 Nc5 14. Qc2 Qe7 15. b3 f4 16. exf4 exf4 17. Rae1 Be5 18. Ne2 Qf6 19. Nxe5 dxe5 20. Rf3 g5 21. g4 Kg7 22. Ng3 Qb6 23. Nh5+ Kg6 24. Kg2 Qd6 25. Qf2 Bd7 26. Bc2 b6 27. a4 Rg8 28. Qd2 Kh7 29. Qc3 Be8 30. Rh1 Bxh5 31. gxh5 g4 32. hxg4 Rxg4+ 33. Kf2 Rag8 34. Rh2 Qf6 35. Rfh3 Qg5 36. Qf3 Rg1 37. Bd1 Kg7 38. Rg2 Rxg2+ 39. Qxg2 Qxg2+ 40. Kxg2 Nxe4 41. Kf3 Ng5+ 42. Kg4 Nxh3 43. Kxh3 Kf6 44. Bg4 e4 45. Kh4 Rg5 46. Kh3 Ke5 47. Kh4 f3 48. Kg3 Rxg4+ 49. Kxg4 f2 50. d6 f1Q 51. dxc7 Qg2+ 52. Kh4 Kf4 53. c8Q Qg3# 0-1

[Event "Ufa Kopylov Memorial op-B 6th"]
[Site "Ufa"]
[Date "2009.12.21"]
[Round "6"]
[White "Kuluev, Zagit"]
[Black "Kopeikin, Yuri"]
[Result "0-1"]
[WhiteElo "1976"]
[BlackElo "2112"]
[PlyCount "107"]
[EventDate "2009.12.15"]
[EventType "swiss"]
[EventRounds "9"]
[EventCountry "RUS"]
[SourceTitle "EXT 2012"]
[Source "ChessBase"]
[SourceDate "2011.11.24"]
[SourceVersion "1"]
[SourceVersionDate "2011.11.24"]
[SourceQuality "1"]

1. d4 Nf6 2. g3 d5 3. Bg2 Bf5 4. e3 e6 5. Ne2 Be4 6. f3 Bg6 7. 0-0 c5 8. Nf4 Nc6 9. c3 Bd6 10. dxc5 Bxc5 11. b4 Bb6 12. Nxg6 hxg6 13. a4 a6 14. Na3 Ne5 15. a5 Ba7 16. Kh1 Rc8 17. Bd2 Qc7 18. Qa4+ Kf8 19. Kg1 Bb8 20. b5 Nd3 21. f4 Nc5 22. Qb4 Kg8 23. c4 Nd3 24. b6 Qc5 25. Qb1 dxc4 26. Bxb7 Qh5 27. h4 Qg4 28. Be1 Rc5 29. Bf3 Qf5 30. Nc2 Nxe1 31. Nxe1 Qxb1 32. Rxb1 Rxa5 33. Nc2 Bd6 34. Rfd1 Nd5 35. b7 Kh7 36. e4 Bc5+ 37. Kh1 Nb6 38. Nd4 Bxd4 39. Rxd4 Rb5 40. Rbd1 Rb8 41. e5 Nd5 42. Rxc4 R8xb7 43. Rc6 Ra7 44. Be2 Ra5 45. Rb1 Ra8 46. Rb7 Kg8 47. Rd6 Ra2 48. Bc4 Ra1+ 49. Kh2 Ne3 50. Bb3 Rc8 51. Rdd7 Rcc1 52. g4 Nxg4+ 53. Kh3 Rc3+ 54. Kg2 0-1

[Event "Ufa Kopylov Memorial op-B 6th"]
[Site "Ufa"]
[Date "2009.12.20"]
[Round "5"]
[White "Ivanov, Vladislav"]
[Black "Kopeikin, Yuri"]
[Result "1/2-1/2"]
[WhiteElo "1881"]
[BlackElo "2112"]
[PlyCount "83"]
[EventDate "2009.12.15"]
[EventType "swiss"]
[EventRounds "9"]
[EventCountry "RUS"]
[SourceTitle "EXT 2012"]
[Source "ChessBase"]
[SourceDate "2011.11.24"]
[SourceVersion "1"]
[SourceVersionDate "2011.11.24"]
[SourceQuality "1"]

1. e4 c5 2. c3 Nf6 3. e5 Nd5 4. d4 Qc7 5. Nf3 d6 6. Be2 cxd4 7. cxd4 Nc6 8. exd6 Qxd6 9. 0-0 Bf5 10. a3 e6 11. Nc3 Be7 12. Qb3 0-0 13. Nxd5 Qxd5 14. Qxd5 exd5 15. Be3 Bf6 16. Rac1 Rac8 17. b4 Rfe8 18. Rfd1 h6 19. h3 g5 20. Bb5 Bd7 21. Ba4 Red8 22. Rc5 Ne7 23. Bxd7 Rxd7 24. Rdc1 Rcd8 25. g4 a6 26. Nd2 Nc6 27. Nb3 Na7 28. Kf1 Re7 29. Rc7 Rdd7 30. Rxd7 Rxd7 31. Ke2 Kg7 32. Kd3 Kg6 33. f4 Nb5 34. a4 Nd6 35. f5+ Kh7 36. Nd2 Be7 37. Rc2 Kg7 38. Nb3 Ne8 39. b5 Rc7 40. Rxc7 Nxc7 41. bxa6 bxa6 42. Nc5 1/2-1/2

[Event "Ufa Kopylov Memorial op-B 6th"]
[Site "Ufa"]
[Date "2009.12.17"]
[Round "2"]
[White "Kopeikin, Yuri"]
[Black "Yangurazov, Albert"]
[Result "0-1"]
[WhiteElo "2112"]
[BlackElo "1903"]
[PlyCount "105"]
[EventDate "2009.12.15"]
[EventType "swiss"]
[EventRounds "9"]
[EventCountry "RUS"]
[SourceTitle "EXT 2012"]
[Source "ChessBase"]
[SourceDate "2011.11.24"]
[SourceVersion "1"]
[SourceVersionDate "2011.11.24"]
[SourceQuality "1"]

1. d4 g6 2. c4 Bg7 3. Nc3 Nf6 4. e4 d6 5. f3 0-0 6. Be3 Nc6 7. Qd2 a6 8. Bd3 Rb8 9. Nge2 e5 10. d5 Ne7 11. g4 c6 12. Ng3 cxd5 13. cxd5 Kh8 14. 0-0-0 b5 15. Kb1 Bd7 16. h4 Nc8 17. h5 Ng8 18. Qh2 g5 19. Nf5 Bxf5 20. exf5 h6 21. Ne4 Nb6 22. Bc2 f6 23. Bb3 a5 24. a3 Nc4 25. Bxc4 bxc4 26. Rc1 Rb3 27. Qd2 Qc7 28. Rc3 Rfb8 29. Rxb3 Rxb3 30. Rc1 Rb8 31. Qc2 Rc8 32. Qa4 Ne7 33. Qb5 Rb8 34. Qxc4 Qxc4 35. Rxc4 Nxd5 36. Bd2 Nb6 37. Rc6 d5 38. Nxf6 Nc4 39. Bc1 d4 40. Ne4 Nxa3+ 41. Ka2 Nb5 42. Bd2 d3 43. Rg6 Nd4 44. Rd6 Bf8 45. Rd7 Nxf3 46. Bxa5 Nd4 47. Rd5 Ra8 48. b4 Bxb4 49. Kb2 Rxa5 50. Rd7 Ra6 51. f6 d2 52. Nxd2 Rxf6 53. Ne4 0-1

[Event "Ufa Siamidi Memorial op"]
[Site "Ufa"]
[Date "2009.10.07"]
[Round "5"]
[White "Kopeikin, Yuri"]
[Black "Ibragimov, Maxim"]
[Result "0-1"]
[WhiteElo "2163"]
[BlackElo "2095"]
[PlyCount "85"]
[EventDate "2009.10.03"]
[EventType "swiss"]
[EventRounds "9"]
[EventCountry "RUS"]
[SourceTitle "EXT 2011"]
[Source "ChessBase"]
[SourceDate "2010.11.26"]
[SourceVersion "1"]
[SourceVersionDate "2010.11.26"]
[SourceQuality "1"]

1. d4 e6 2. c4 d5 3. Nf3 Nf6 4. Nc3 Be7 5. Bg5 0-0 6. e3 a6 7. Rc1 Nbd7 8. Bd3 dxc4 9. Bxc4 b5 10. Bd3 Bb7 11. 0-0 c5 12. Qe2 Rc8 13. Rfd1 Nd5 14. Bxe7 Qxe7 15. Bb1 cxd4 16. Nxd5 Bxd5 17. Nxd4 Bb7 18. e4 Rfd8 19. Rxc8 Rxc8 20. Qd3 Ne5 21. Qe2 Qf6 22. a3 h6 23. Ba2 Rd8 24. Bb3 Ng6 25. Nf3 Rxd1+ 26. Bxd1 Nf4 27. Qe3 g5 28. Nd4 Qe5 29. f3 Qd6 30. Qd2 e5 31. Nb3 Qb6+ 32. Kh1 g4 33. Na1 gxf3 34. Bxf3 Qe6 35. Nc2 Qc4 36. Ne3 Qb3 37. Nf5 Qc4 38. h4 Qd3 39. Qf2 Bxe4 40. Qg3+ Ng6 41. Nxh6+ Kg7 42. Nf5+ Kg8 43. Qxe5 0-1

[Event "Ufa Siamidi Memorial op"]
[Site "Ufa"]
[Date "2009.10.06"]
[Round "4"]
[White "Tukhvatullin, Vladislav"]
[Black "Kopeikin, Yuri"]
[Result "1-0"]
[WhiteElo "2175"]
[BlackElo "2163"]
[PlyCount "55"]
[EventDate "2009.10.03"]
[EventType "swiss"]
[EventRounds "9"]
[EventCountry "RUS"]
[SourceTitle "EXT 2011"]
[Source "ChessBase"]
[SourceDate "2010.11.26"]
[SourceVersion "1"]
[SourceVersionDate "2010.11.26"]
[SourceQuality "1"]

1. e4 e5 2. Nf3 Nc6 3. Bb5 a6 4. Ba4 Nf6 5. Qe2 b5 6. Bb3 Bc5 7. a4 Bb7 8. axb5 axb5 9. Rxa8 Qxa8 10. d3 0-0 11. 0-0 Nd4 12. Nxd4 Bxd4 13. Bg5 Qa6 14. c3 Bc5 15. Nd2 Re8 16. Kh1 h6 17. Bh4 g5 18. Bg3 Kg7 19. Nf3 Bd6 20. h4 Nh7 21. Qd2 f6 22. d4 Bxe4 23. dxe5 Bxf3 24. exd6 Be4 25. dxc7 Nf8 26. Re1 Bg6 27. Rxe8 Bxe8 28. Qd6 1-0

[Event "Ufa Siamidi Memorial op"]
[Site "Ufa"]
[Date "2009.10.04"]
[Round "2"]
[White "Imashev, Ildar"]
[Black "Kopeikin, Yuri"]
[Result "1/2-1/2"]
[WhiteElo "2283"]
[BlackElo "2163"]
[PlyCount "49"]
[EventDate "2009.10.03"]
[EventType "swiss"]
[EventRounds "9"]
[EventCountry "RUS"]
[SourceTitle "EXT 2011"]
[Source "ChessBase"]
[SourceDate "2010.11.26"]
[SourceVersion "1"]
[SourceVersionDate "2010.11.26"]
[SourceQuality "1"]

1. e4 e5 2. Nf3 Nc6 3. Bb5 a6 4. Ba4 Nf6 5. 0-0 b5 6. Bb3 Be7 7. Re1 0-0 8. c3 d6 9. h3 Na5 10. Bc2 c5 11. d4 Qc7 12. Nbd2 cxd4 13. cxd4 Bb7 14. Nf1 Rfe8 15. b3 Rac8 16. Re2 Nc6 17. Bb2 Nb4 18. Bb1 Nd7 19. Ne3 Bf8 20. a3 Nc6 21. Nd5 Qd8 22. b4 exd4 23. Nxd4 Nxd4 24. Qxd4 Rc4 25. Qd2 1/2-1/2